00753nam a2200217Ia 4500008004100000020001800041100001900059245008200078300002800160500007100188650007600259700002100335264002200356336002700378337003300405338002800438040003500466084001100501942000800512999001500520161108s9999 xx 000 0 und d a9788489624993 aMo, Yan, 1955- aBoom! /c Mo Yan ; traducido del chino por Yifan Li ; editado por Cora Tiedra a509 páginas ;c 24 cm aTítulo original: Sishiyi pao \\ Premio Nobel de Literatura, 2012 aLiteratura China / Novela China / Autores Chinos / Capitalismo - Novela aLi, Yifan, 1950- aMadrid :b Kailas atextobtxt2rdacontent asin mediaciónbn2rdamedia avolumenbnc2rdacarrier aCO-BoRNBPbspaerdacCO-BoRNBP aN MOY3 2loc c7488d7488